Statistics for Countries Closest to Dominica

Click here to take the quiz!

General Stats

  • This quiz has been taken 766 times
  • The average score is 17 of 20

Answer Stats

kmcountrymiles% Correct
804Dominican Republic499
95%
1128Haiti701
95%
129St Lucia80
95%
201St Kitts and Nevis125
94%
204St Vincent and
the Grenadines
127
94%
277Barbados172
92%
500Venezuela311
92%
154Antigua and Barbuda96
90%
1114Colombia692
89%
298Grenada185
89%
757Guyana470
89%
439Trinidad and Tobago273
89%
1131Suriname704
88%
1367Bahamas850
83%
1113Brazil692
83%
27France17
75%
969Aruba602
68%
872Curaçao542
64%
259Netherlands161
56%
313Sint Maarten194
50%

Score Distribution

Percentile by Number Answered

Percent of People with Each Score

Your Score History

You have not taken this quiz